Graph Theory

Saved in:
Bibliographic Details
Main Authors: Bondy, J.A (Author), Murty, U.S.R (Author)
Format: Book
Language:English
Published: Springer Verlag, 2008
Series:Graduate Texts in Mathematics 244
Subjects:
Tags: Add Tag
No Tags, Be the first to tag this record!

MARC

LEADER 00000nam a22000003a 4500
001 stu179590
005 20150617230044.8
008 090210s2008------------------------eng-d
020 |a 978-1-84628-969-9 
040 |a STU  |b slo 
041 0 |a eng 
080 |a 519.1 
100 1 |a Bondy, J.A.  |4 aut 
245 1 |a Graph Theory 
260 |b Springer Verlag,  |c 2008 
300 |a 657 s 
650 7 |a teória grafov  |2 stusub 
700 1 |a Murty, U.S.R.  |4 aut 
830 0 |a Graduate Texts in Mathematics  |v 244 
996 |b 284M069604  |c M*12442-1  |l MMKN  |s A  |a 24  |w stu179590_0001